<?xml version="1.0" encoding="UTF-8"?>
<record
    xmlns:xsi="http://www.w3.org/2001/XMLSchema-instance"
    xsi:schemaLocation="http://www.loc.gov/MARC21/slim http://www.loc.gov/standards/marcxml/schema/MARC21slim.xsd"
    xmlns="http://www.loc.gov/MARC21/slim">

  <leader>01063nam a22002657a 4500</leader>
  <controlfield tag="003">CSPC</controlfield>
  <controlfield tag="005">20250207105901.0</controlfield>
  <controlfield tag="007">ta</controlfield>
  <controlfield tag="008">250207s2018    ph a     mabs 000 0 eng  </controlfield>
  <datafield tag="040" ind1=" " ind2=" ">
    <subfield code="c">CSPC </subfield>
  </datafield>
  <datafield tag="090" ind1=" " ind2=" ">
    <subfield code="a">UTH BSOA Ev148f </subfield>
  </datafield>
  <datafield tag="100" ind1=" " ind2=" ">
    <subfield code="a">Evangelista, Cecile M. </subfield>
    <subfield code="e">author. </subfield>
  </datafield>
  <datafield tag="245" ind1=" " ind2=" ">
    <subfield code="a">Factors affecting the growth of small business enterprises in San Buenaventura, Buhi, Camarines Sur /</subfield>
    <subfield code="c">Cecile M. Evangelista </subfield>
  </datafield>
  <datafield tag="264" ind1=" " ind2=" ">
    <subfield code="a">Buhi, Camarines Sur: </subfield>
    <subfield code="b">Camarines Sur Polytechnic Colleges, </subfield>
    <subfield code="c">2018.</subfield>
  </datafield>
  <datafield tag="300" ind1=" " ind2=" ">
    <subfield code="a">xvii, 109 leaves : </subfield>
    <subfield code="b">illustrations ; </subfield>
    <subfield code="c">28 cm. </subfield>
  </datafield>
  <datafield tag="502" ind1=" " ind2=" ">
    <subfield code="a">Undergraduate Theses (BSOA) Office Administration </subfield>
    <subfield code="c">Camarines Sur Polytechnic Colleges </subfield>
  </datafield>
  <datafield tag="700" ind1=" " ind2=" ">
    <subfield code="a">Pe&#xF1;ones, Debbie A. </subfield>
    <subfield code="e">author. </subfield>
  </datafield>
  <datafield tag="700" ind1=" " ind2=" ">
    <subfield code="a">Rabino, Melody C. </subfield>
    <subfield code="e">author. </subfield>
  </datafield>
  <datafield tag="720" ind1=" " ind2=" ">
    <subfield code="a">Penetrante, Nancy S. MBA </subfield>
    <subfield code="e">adviser. </subfield>
  </datafield>
  <datafield tag="720" ind1=" " ind2=" ">
    <subfield code="a">Escolano, Emilda E. MBA</subfield>
    <subfield code="e">panelist chairman </subfield>
  </datafield>
  <datafield tag="720" ind1=" " ind2=" ">
    <subfield code="a">Oliveros, Rosanna B. PhD. </subfield>
    <subfield code="e">panelist member</subfield>
  </datafield>
  <datafield tag="720" ind1=" " ind2=" ">
    <subfield code="a">Hallare, Syrell M. MBM</subfield>
    <subfield code="e">panelist member</subfield>
  </datafield>
  <datafield tag="942" ind1=" " ind2=" ">
    <subfield code="2">ddc</subfield>
    <subfield code="n">0</subfield>
    <subfield code="c">UM</subfield>
    <subfield code="k">UTH</subfield>
    <subfield code="m">2018</subfield>
  </datafield>
  <datafield tag="952" ind1=" " ind2=" ">
    <subfield code="0">0</subfield>
    <subfield code="1">0</subfield>
    <subfield code="2">ddc</subfield>
    <subfield code="4">0</subfield>
    <subfield code="7">0</subfield>
    <subfield code="a">BUHI</subfield>
    <subfield code="b">BUHI</subfield>
    <subfield code="c">UTH</subfield>
    <subfield code="d">2024-09-16</subfield>
    <subfield code="l">0</subfield>
    <subfield code="o">UTH BSOA Ev148f 2018</subfield>
    <subfield code="p">00128UM-BUH</subfield>
    <subfield code="r">2025-02-07 00:00:00</subfield>
    <subfield code="t">1-1</subfield>
    <subfield code="w">2024-09-16</subfield>
    <subfield code="y">UM</subfield>
  </datafield>
  <datafield tag="999" ind1=" " ind2=" ">
    <subfield code="c">28782</subfield>
    <subfield code="d">28782</subfield>
  </datafield>
</record>
